00305 a2200133 450000100060000002000150000604000220002110000310004324000360007424500310011030000070014136200090014865000140015761426 a8570565976 cAnchieta - Pituba aTrambaiolli Neto, Egídio10aAlimentos em pratos limposlpor10aAlimentos em pratos limpos a380 a1994 4aAlimentos